[Event "Hamburg St Pauli op-A"]
[Site "Hamburg"]
[Date "2011.07.14"]
[Round "7"]
[White "Lehmkuhl, Stefan"]
[Black "Kosovs, Ernst"]
[Result "1/2-1/2"]
[WhiteElo "1903"]
[BlackElo "2056"]
[PlyCount "89"]
[EventDate "2011.07.09"]
[EventType "swiss"]
[EventRounds "9"]
[EventCountry "GER"]
[SourceTitle "CBM 143 Extra"]
[Source "ChessBase"]
[SourceDate "2011.08.29"]
[SourceVersion "1"]
[SourceVersionDate "2011.08.29"]
[SourceQuality "1"]

1. d4 d5 2. c4 e6 3. cxd5 exd5 4. Nc3 Nf6 5. Bg5 Be7 6. Qc2 c6 7. e3 Nbd7 8. Bd3 h6 9. Bh4 0-0 10. Nge2 Re8 11. 0-0 Ne4 12. Bxe7 Qxe7 13. Nxe4 dxe4 14. Bc4 Nf8 15. Ng3 Be6 16. Rac1 Bxc4 17. Qxc4 Rad8 18. b4 Rd5 19. a4 a6 20. Qb3 Nd7 21. Ne2 Qg5 22. Nf4 Rf5 23. Rfd1 Nf6 24. Rc5 Rd8 25. Rxf5 Qxf5 26. Rc1 Nd5 27. Rc5 g5 28. Ne2 Rd6 29. Ng3 Qe6 30. h3 Qg6 31. b5 axb5 32. axb5 Kh7 33. bxc6 bxc6 34. Qc2 Re6 35. Ra5 h5 36. Ne2 h4 37. Nc3 Nxc3 38. Qxc3 g4 39. hxg4 Qxg4 40. Qc5 Rh6 41. Qf5+ Qxf5 42. Rxf5 Kg6 43. Re5 f5 44. Kh2 Kg5 45. Kh3 1/2-1/2